| 000 | 00435nam a2200157 i 4500 | ||
|---|---|---|---|
| 001 | 61157 | ||
| 003 | ES-MaACL | ||
| 005 | 20230906164402.0 | ||
| 007 | t| | ||
| 008 | 031110s1969 sp ||||1| baq d | ||
| 100 | 1 |
_aEtxenagusta, Karmelo. _948309 |
|
| 245 | 1 | 0 |
_aEuskal idazleen lorategia / _cKarmelo Etxenagusta. |
| 260 |
_aDonostia : _bIzarra Irarkola, _c1969. |
||
| 300 |
_a299 p. ; _c18 cm. |
||
| 852 |
_aES-MaACL _jC-36507 _bR.69926 |
||
| 999 |
_c61157 _d61157 |
||